<?xml version="1.0" encoding="UTF-8"?>
<marc:record xmlns:marc="http://www.loc.gov/MARC21/slim">
   <marc:leader>00000nam a2200000 a 4500</marc:leader>
   <marc:datafield ind1="1" ind2=" " tag="100">
      <marc:subfield code="a">Beaton, M. C.</marc:subfield>
      <marc:subfield code="4">aut</marc:subfield>
      <marc:subfield code="e">Verfasser/-in</marc:subfield>
   </marc:datafield>
   <marc:datafield ind1="0" ind2="0" tag="245">
      <marc:subfield code="a">Hamish lässt sich nicht um den Finger wickeln</marc:subfield>
   </marc:datafield>
   <marc:datafield ind1="0" ind2="0" tag="245">
      <marc:subfield code="b">Kriminalroman</marc:subfield>
   </marc:datafield>
   <marc:datafield ind1="0" ind2="0" tag="245">
      <marc:subfield code="c">M. C. Beaton</marc:subfield>
   </marc:datafield>
   <marc:datafield ind1=" " ind2="1" tag="264">
      <marc:subfield code="a">Köln</marc:subfield>
      <marc:subfield code="b">Lübbe</marc:subfield>
      <marc:subfield code="c">2021</marc:subfield>
   </marc:datafield>
   <marc:datafield ind1="1" ind2=" " tag="490">
      <marc:subfield code="a">Hamish Macbeth</marc:subfield>
      <marc:subfield code="v">10</marc:subfield>
   </marc:datafield>
   <marc:datafield ind1="1" ind2=" " tag="520">
      <marc:subfield code="a">Mit der Ankunft des Junggesellen Peter Hynd im Nachbarort ist es dort mit Ruhe und dörflicher Beschaulichkeit vorbei. Der äußerst charmante Mann löst bei den Frauen des Dorfes nämlich erbitterte Rivalität aus. Police Constable Hamish Macbeth findet diese Zickenkriege zunächst einfach nur unterhaltsam. Er lässt sich ja auch nicht so leicht um den Finger wickeln. Aber dann ist plötzlich von Morddrohungen und Missbrauch die Rede. Und es dauert nicht lange, bis auch noch eine Leiche auftaucht. So steht Hamish mal wieder vor der Herausforderung, einen Mörder dingfest zu machen!</marc:subfield>
   </marc:datafield>
   <marc:datafield ind1=" " ind2=" " tag="020">
      <marc:subfield code="a">9783404184149</marc:subfield>
      <marc:subfield code="9">9783404184149</marc:subfield>
   </marc:datafield>
   <marc:datafield ind1=" " ind2=" " tag="020">
      <marc:subfield code="a">3404184149</marc:subfield>
      <marc:subfield code="9">3404184149</marc:subfield>
   </marc:datafield>
   <marc:datafield ind1=" " ind2=" " tag="300">
      <marc:subfield code="a">270 Seiten</marc:subfield>
   </marc:datafield>
</marc:record>
